| 000 | 00555nam a2200205Ia 4500 | ||
|---|---|---|---|
| 008 | 180523s9999 xx 000 0 und d | ||
| 020 | _a1-59139-111-3 | ||
| 050 | _aMAIN HD 58.6 | ||
| 050 | _b.H37 2003 c.1 | ||
| 245 | 0 | _aHarvard business essentials : | |
| 245 | 0 | _bnegotiation / | |
| 260 | _aMassachusetts : | ||
| 260 | _bHarvard Business School Press, | ||
| 260 | _c2003 | ||
| 300 | _a170 pages : | ||
| 300 | _c23 cm. | ||
| 440 | _aThe Harvard business essentials series. | ||
| 500 | _aIncludes index. | ||
| 650 | _aNegotiation in business. | ||
| 999 |
_c356903 _d356903 |
||